Tribhuvan University Central Library

समाजवादः बी.पी. कोइराला र कम्युनिस्ट (Record no. 97568)

MARC details
000 -LEADER
fixed length control field 00559nam a22001817a 4500
008 - FIXED-LENGTH DATA ELEMENTS--GENERAL INFORMATION
fixed length control field 210110b xxu||||| |||| 00| 0 eng d
020 ## - INTERNATIONAL STANDARD BOOK NUMBER
International Standard Book Number 978993789153
041 ## - LANGUAGE CODE
Language code of text/sound track or separate title Nep.
082 ## - DEWEY DECIMAL CLASSIFICATION NUMBER
Classification number N320.5/P578s
100 ## - MAIN ENTRY--PERSONAL NAME
Personal name Parajuli, Shobhakar
241 ## - ROMANIZED TITLE (BK AM CF MP MU VM)
Romanized title Samajbada: B.P. Koirala ra komyunista
245 ## - TITLE STATEMENT
Title समाजवादः बी.पी. कोइराला र कम्युनिस्ट
260 ## - PUBLICATION, DISTRIBUTION, ETC.
Place of publication, distribution, etc. Kathmandu:
Name of publisher, distributor, etc. Brother Books Prakashan,
Date of publication, distribution, etc. 2072BS.
300 ## - PHYSICAL DESCRIPTION
Extent 18p.
650 ## - SUBJECT ADDED ENTRY--TOPICAL TERM
Topical term or geographic name entry element Socialism
650 ## - SUBJECT ADDED ENTRY--TOPICAL TERM
Topical term or geographic name entry element Social democracy
942 ## - ADDED ENTRY ELEMENTS (KOHA)
Source of classification or shelving scheme Dewey Decimal Classification
Koha item type ISBN
Holdings
Withdrawn status Lost status Source of classification or shelving scheme Damaged status Not for loan Home library Current library Date acquired Total Checkouts Full call number Barcode Date last seen Price effective from Koha item type
    Dewey Decimal Classification     Tribhuvan University Central Library Tribhuvan University Central Library 01/10/2021   N320.5/P578s IS12617 01/10/2021 01/10/2021 ISBN